=LDR 00000nam 2200000 4500 =001 INLIS000000000035749 =005 20130612141602 =008 ***********************************Ind** =035 ##$$0010-061300000035749 =041 ##$$a Ind =082 ##$$a 634.65 =090 ##$$a 634.65, Bud b =100 ##$$a AAK =245 ##$$a Budi Daya Durian, 1997 =260 ##$$a 2008 $b 2008 =300 ##$$a 108 Hlm, ilus, 21 cm =650 ##$$a Budi Daya =850 ##$$a NBPNMAT